01007cam a22002411 4500001001300000003000400013005001700017008004100034010001700075035001900092040004900111042001200160050002200172110003800194245013500232260004800367300009000415500006500505505009700570650002300667700002100690700005400711gs 18000168 DLC20260227111322.0780309s1917 oncbf b f001 0 eng c ags 18000168  a(OCoLC)3700733 aU.S. Geol. Survey. Libr.cGUdGUdOCoLCdDLC apremarc00aTN404.C3bA5 19171 aCanada.bMines Branch (1901-1936)10aIron ore occurrences in Canada,bin two volumes,ccomp. by E. Lindeman ... and L.L. Bolton ... Introductory by A.H.A. Robinson ... aOttawa,bGovernment Printing Bureau,c1917. a2 v.bXXIII pl. (v. 1) fold. map (in pocket, v. 1)eand 2 portfolios of maps.c25 cm. aAt head of title: Canada. Department of Mines. Mines Branch.0 av. 1. Descriptions of principal iron ore mines.--v. 2. Descriptions of iron ore occurrences. 0aIron oreszCanada.1 aLindeman, Einar.1 aBolton, Launcelot Lawrence,d1881-ejoint author.